000 00343nas a2200157 a 4500
001 95245
003 175937
005 20201118113147.0
008 ||||||n9999 ||| || ||
245 0 _aTime - Vol.162 No.1
260 _aEstados Unidos :
562 _e1
773 _021966
_aTime
942 _cSISS
999 _c95245
_d95245